Les nommés pour le Ballon d'or 2022 (photo) - Statistiques

Statistiques générales
  • Ce quiz a été pris 99 fois
  • Le résultat moyen est 29 sur 30
Statistiques - réponses
Par images Réponse % Correct
Erling Haaland
100%
Mohamed Salah
100%
Sadio Mané
100%
Christopher Nkunku
99%
Harry Kane
99%
Kevin de Bruyne
99%
Mike Maignan
99%
Rafael Leão
99%
Antonio Rüdiger
98%
Bernardo Silva
98%
Christiano Ronaldo
98%
Heung-Min Son
98%
Joshua Kimmich
98%
Karim Benzema
98%
Kylian Mbappé
98%
Luka Modrić
98%
Riyad Mahrez
98%
Thibaut Courtois
98%
Trent Alexander-Arnold
97%
Vinicius
97%
Virgil van Dijk
97%
Casemiro
96%
Phil Foden
96%
Robert Lewandowski
96%
Fabinho
93%
João Cancelo
90%
Darwin Nùnez
88%
Sebastien Haller
86%
Dusan Vlahovic
79%
Luis Diaz
76%
Aucun quiz correspondant
Distribution des résultats
% des personnes avec chaque résultat
Percentile par nombre de réponses
Votre historique - résultats
Vous n’avez pas pris ce quiz